[Event "AUTO-INT-3779"]
[Site "http://www.queenalice.com/game.php?id=1799479"]
[Date "2022.11.7"]
[Round "1"]
[White "rafassj4"]
[Black "Givanildo"]
[Result "0-1"]
[WhiteElo "1673"]
[BlackElo "1473"]

1. e4 d5 2. d3 dxe4 3. dxe4 Qxd1+ 4. Kxd1 Bg4+ 5. Be2 Bxe2+ 6. Nxe2 e5 7. Nbc3
Nc6 8. Be3 O-O-O+ 9. Nd5 Bd6 10. Nec3 Nd4 11. Kd2 c6 12. Bg5 cxd5 13. Bxd8 Kxd8
14. exd5 Ne7 15. Rad1 Kd7 16. Kc1 Rc8 17. a3 a5 18. Kb1 f6 19. Ne4 Nxd5 20. g3
Rxc2 21. f4 Re2 22. Nxd6 Kxd6 23. h4 a4 24. Rhe1 exf4 25. Rxe2 Nxe2 26. gxf4
Nxf4 27. Rg1 g6 28. Ka2 Ne3 29. Rg3 Nc4 30. Rg4 f5 31. Rxf4 Kc5 32. b3 axb3+ 33.
Kxb3 Nd2+ 34. Kc2 Nc4 35. Rf3 b5 36. Rb3 f4 37. Rc3 Kd4 38. Kb3 Nd2+ 39. Kb4 f3
40. Rc1 f2 0-1

[Event "Challenge"]
[Site "http://www.queenalice.com/game.php?id=1802520"]
[Date "2022.12.24"]
[Round "-"]
[White "Mr_SPOCK"]
[Black "rafassj4"]
[Result "0-1"]
[WhiteElo "1671"]
[BlackElo "1649"]

1. e4 e5 2. Qh5 Qe7 3. d4 Nf6 4. Qf5 exd4 5. e5 Nc6 6. Nf3 d6 7. Qf4 dxe5 8.
Nxe5 Qxe5+ 9. Be2 Bd6 10. Qd2 Ne4 11. Qd3 Bf5 12. f4 Qe6 13. O-O O-O 14. c3 Nxc3
15. Qf3 Nxe2+ 16. Kh1 Nxc1 17. Nd2 Nd3 18. a4 Bxf4 19. Nb1 Qe4 20. Qh5 Qe3 21.
g3 Be4+ 22. Rf3 Bxf3+ 23. Qxf3 Qxf3+ 24. Kg1 Be3# 0-1

[Event "Challenge"]
[Site "http://www.queenalice.com/game.php?id=1802701"]
[Date "2022.12.28"]
[Round "-"]
[White "rafassj4"]
[Black "zmanomega"]
[Result "1/2-1/2"]
[WhiteElo "1706"]
[BlackElo "1564"]

1. e4 e5 2. Nf3 f6 3. d4 Nc6 4. a3 d5 5. Nc3 dxe4 6. Nxe4 Bf5 7. Bd3 Bg6 8. c3
exd4 9. cxd4 Qd7 10. O-O O-O-O 11. Be3 Be7 12. Nc5 Qd5 13. Bxg6 hxg6 14. Qb3
Qxb3 15. Nxb3 g5 16. d5 Rxd5 17. Rfd1 Rd6 18. Rxd6 Bxd6 19. Nfd4 Nxd4 20. Nxd4
Rh7 21. Nb5 Be5 22. Rc1 Bxh2+ 23. Kf1 Bf4 24. Bxf4 gxf4 25. Rxc7+ Kb8 26. Rf7
Kc8 27. Rf8+ Kd7 28. Rxg8 g5 29. Nc3 Rh4 30. Ne4 Rh1+ 31. Ke2 Ke6 32. Nc5+ Kf5
33. Nxb7 Kg4 34. Nc5 Rh2 35. Ne4 Kf5 36. Kf3 Rh4 37. Nxf6 Kxf6 38. g3 fxg3 39.
fxg3 Rd4 40. g4 Rd3+ 41. Ke4 Rd2 42. Ra8 Re2+ 43. Kf3 Rxb2 44. Rxa7 Rb6 45. a4
Rb3+ 46. Ke4 Rb4+ 47. Kf3 Rf4+ 48. Kg3 Ke6 49. Ra5 Ke7 50. Rxg5 Rxa4 51. Re5+
Kf6 52. Rf5+ Kg6 53. Rf4 Ra1 54. Kh4 Ra5 55. Rd4 Ra6 56. g5 Rb6 57. Re4 Rd6
1/2-1/2

[Event "Challenge"]
[Site "http://www.queenalice.com/game.php?id=1802978"]
[Date "2022.12.31"]
[Round "-"]
[White "rafassj4"]
[Black "Mr_SPOCK"]
[Result "1-0"]
[WhiteElo "1690"]
[BlackElo "1680"]

1. e4 e5 2. Nf3 Nc6 3. Nc3 Bb4 4. Nd5 Bc5 5. b3 Nd4 6. Bb2 Nf6 7. Bc4 O-O 8.
Nxe5 Nxe4 9. b4 Nxc2+ 10. Qxc2 Bxf2+ 11. Ke2 Qh4 12. Nf3 Qg4 13. Rhf1 Re8 14.
Rxf2 Nc3+ 15. Kf1 Ne4 16. Nxc7 Nxf2 17. Kxf2 Rf8 18. Nxa8 d5 19. Bxd5 Qxb4 20.
Re1 Be6 21. Bxe6 fxe6 22. Nc7 e5 23. Rxe5 Qb6+ 24. Qc5 Qxb2 25. Qd5+ Kh8 26. Re8
Rxe8 27. Nxe8 Qb6+ 28. Qd4 Qxd4+ 29. Nxd4 g5 30. Kg3 h5 31. Nf6 a5 32. Nxh5 Kg8
33. Kg4 Kf7 34. Kxg5 Ke7 35. Kf5 Kd6 36. g4 Kc5 37. Ke5 b5 38. g5 b4 39. g6 a4
40. g7 Kc4 41. g8=Q+ Kd3 42. Qg3+ Kxd2 43. a3 b3 44. Nxb3+ axb3 45. Qxb3 Ke2 46.
a4 Kf2 47. a5 Kg2 48. a6 Kxh2 49. a7 Kg2 50. a8=Q+ Kf2 51. Qaa2+ Ke1 52. Qbb1#
1-0

[Event "AUTO-INT-3798"]
[Site "http://www.queenalice.com/game.php?id=1805079"]
[Date "2023.1.30"]
[Round "1"]
[White "Ruusgugg"]
[Black "rafassj4"]
[Result "0-1"]
[WhiteElo "1427"]
[BlackElo "1729"]

1. b4 e5 2. b5 d5 3. a4 Nf6 4. Bb2 d4 5. c4 Be6 6. d3 Nbd7 7. Nf3 Bb4+ 8. Nbd2
Bg4 9. Qb3 Qe7 10. O-O-O O-O 11. h3 Bxf3 12. Nxf3 a5 13. g4 Nc5 14. Qc2 Nfd7 15.
g5 g6 16. h4 Nb6 17. h5 Nbxa4 18. Ba1 Bc3 19. Bxc3 Nxc3 20. Re1 a4 21. hxg6 fxg6
22. e3 Rxf3 23. Bg2 Rxf2 24. Qxf2 Nxd3+ 0-1

[Event "AUTO-INT-3798"]
[Site "http://www.queenalice.com/game.php?id=1805080"]
[Date "2023.1.30"]
[Round "1"]
[White "rafassj4"]
[Black "Ruusgugg"]
[Result "1-0"]
[WhiteElo "1733"]
[BlackElo "1416"]

1. e4 b6 2. d4 Bb7 3. Nc3 c5 4. d5 e5 5. g3 g5 6. Bg2 h6 7. Nf3 g4 8. Nxe5 h5 9.
Bf4 d6 10. Nc4 Ba6 11. b3 b5 12. Ne3 b4 13. Na4 Nf6 14. Bg5 Nbd7 15. a3 Ne5 16.
axb4 cxb4 17. Nb2 Bh6 18. Bxh6 Rxh6 19. Rxa6 Nf3+ 20. Bxf3 Qc8 21. Be2 Nxe4 22.
Nf5 Nc3 23. Qd3 Rf6 24. Nxd6+ Rxd6 25. Rxd6 a5 26. Na4 Nxe2 27. Qxe2+ Kf8 28.
Nb6 Qc7 29. Nxa8 Qxd6 30. O-O Qxd5 31. Nc7 Qd6 32. Nb5 Qa6 33. Re1 Kg7 34. Qe5+
Kh7 35. Qxh5+ Kg8 36. Re8+ Kg7 37. Qg5+ Kh7 38. Rg8 Qg6 39. Qxg6+ fxg6 40. Ra8
1-0

[Event "AUTO-INT-3798"]
[Site "http://www.queenalice.com/game.php?id=1805087"]
[Date "2023.1.30"]
[Round "1"]
[White "rafassj4"]
[Black "jenyasm"]
[Result "1-0"]
[WhiteElo "1702"]
[BlackElo "1626"]

1. e4 e5 2. Nf3 Nc6 3. d4 d6 4. d5 Nce7 5. c4 Nf6 6. Nc3 g6 7. Bg5 Bg7 8. Bd3 h6
9. Bxf6 Bxf6 10. O-O Bg4 11. h3 Bxf3 12. Qxf3 Bg5 13. Rad1 Nc8 14. Bc2 Qf6 15.
Qxf6 Bxf6 16. Nb5 Kd7 17. Ba4 c6 18. Nc3 Nb6 19. dxc6+ bxc6 20. c5 Nc8 21. cxd6
Nxd6 22. Nd5 Bg5 23. g3 Rhe8 24. f4 exf4 25. gxf4 Bf6 26. Nxf6+ 1-0

[Event "AUTO-INT-3798"]
[Site "http://www.queenalice.com/game.php?id=1805088"]
[Date "2023.1.30"]
[Round "1"]
[White "jenyasm"]
[Black "rafassj4"]
[Result "0-1"]
[WhiteElo "1572"]
[BlackElo "1715"]

1. e4 e5 2. Nf3 Nc6 3. Bc4 Nf6 4. d3 d5 5. exd5 Nxd5 6. Bxd5 Qxd5 7. O-O Bg4 8.
Nbd2 Nd4 9. Re1 Bd6 10. h3 Bxf3 11. Nxf3 Nxf3+ 12. Qxf3 Qxf3 13. gxf3 O-O-O 14.
Re4 f5 15. Rc4 f4 16. a3 g5 17. Bd2 h5 18. Kf1 g4 19. Ke2 gxh3 20. Rh1 Rdg8 21.
Rxh3 Rg1 22. Bb4 Kd7 23. Bxd6 cxd6 24. b4 Ra1 25. Rc3 Rg8 26. d4 exd4 27. Rd3
Rc8 28. Rxd4 Rxc2+ 29. Kd3 Rxf2 30. Rxf4 Rxa3+ 31. Ke4 Ra4 32. Kf5 Rb2 33. Rxh5
Rbxb4 34. Rxb4 Rxb4 35. f4 Rb5+ 36. Kg6 Rxh5 37. Kxh5 Ke8 38. Kg5 a5 0-1

[Event "Challenge"]
[Site "http://www.queenalice.com/game.php?id=1808316"]
[Date "2023.3.21"]
[Round "-"]
[White "WLAO"]
[Black "rafassj4"]
[Result "0-1"]
[WhiteElo "1473"]
[BlackElo "1736"]

1. e4 e5 2. Bc4 Nf6 3. d3 d5 4. exd5 Nxd5 5. Qh5 Nf6 6. Qxe5+ Qe7 7. Qxe7+ Bxe7
8. Nf3 O-O 9. Ne5 Be6 10. Bxe6 fxe6 11. O-O Nbd7 12. Nxd7 Nxd7 13. Nd2 Rf7 14.
Nf3 Rf6 15. Bg5 Rf7 16. Bxe7 Rxe7 17. d4 Rd8 18. c4 e5 19. dxe5 Nxe5 20. Nxe5
Rxe5 21. b3 Re2 22. h3 c5 23. Rfe1 Rb2 24. Re7 Rdd2 25. Re8+ Kf7 26. Rae1 Rxf2
27. R1e7+ Kg6 28. Re6+ Kf7 29. R6e7+ Kg6 30. Re6+ Kh5 31. Re5+ Kh6 32. R8e6+ g6
33. Re7 Rxg2+ 34. Kf1 Rh2 35. Re2 Rhxe2 36. Rxe2 Rxe2 37. Kxe2 Kh5 38. Kf3 Kh4
39. Kg2 h5 40. a4 g5 41. a5 g4 42. hxg4 Kxg4 43. b4 cxb4 44. c5 b3 45. a6 b2 46.
axb7 b1=Q 47. c6 Qc2+ 48. Kf1 Qxc6 49. b8=Q Qf3+ 50. Ke1 Qe3+ 51. Kd1 Qf3+ 52.
Kc1 Qf4+ 53. Kb1 Qxb8+ 54. Kc2 a5 0-1

[Event "Challenge"]
[Site "http://www.queenalice.com/game.php?id=1811145"]
[Date "2023.5.3"]
[Round "-"]
[White "rafassj4"]
[Black "lobo"]
[Result "0-1"]
[WhiteElo "1648"]
[BlackElo "1828"]

1. e4 e5 2. Nf3 Nc6 3. Nc3 Bc5 4. d3 Nf6 5. Be2 d5 6. Bg5 h6 7. Bxf6 gxf6 8.
Nxd5 Rg8 9. g3 f5 10. Qd2 Qd6 11. c4 fxe4 12. dxe4 Nb4 0-1